000 00656nam a2200229Ia 4500
003 OSt
005 20220928101723.0
006 a|||||r|||| 00| 0
007 ta
008 220927b |||||||| |||| 00| 0 eng d
024 _a103111
037 _cTextual
040 _aSDCL
_cSDCL
_beng
041 _2eng
_aeng
082 _aO152,2M89:g(Y:1), L9
100 _aShriwastava Bimlesh Kumar
_9394227
245 0 _aPrasad sahitya men sanskriti aur rastriyata
260 _aPatna
_bBihar Granth Kutir
_c1999
300 _a116p
_ccm.
942 _hO152,2M89:g(Y:1), L9
_cTEXL
_2CC
999 _c709777
_d709777